Statistics for Empires A-Z

Click here to take the quiz!

General Stats

  • This quiz has been taken 13,451 times
    (13,423 since last reset)
  • The average score is 18 of 26

Answer Stats

ClueEmpire% Correct
EWas ruled by a pharaohEgyptian
97%
OFormer empire of the TurksOttoman
96%
GWas ruled by a kaiserGerman
94%
RUsed to own AlaskaRussian
94%
AIts capital was TenochtitlanAztec
93%
JAnnexed Korea in 1905Japanese
93%
NThe "Third Reich"Nazi
89%
FControlled Haiti, Vietnam, etc...French
89%
DColonized Indonesia and New YorkDutch
89%
BContinuation of the Roman EmpireByzantine
87%
MLargest continuous empire in historyMongol
84%
ZSouth African empire led by ShakaZulu
80%
QFirst dynasty of Imperial ChinaQin
80%
IConquered by PizarroInca
79%
CAncient rival of Rome located in
modern-day Tunisia
Carthage
79%
PIn 1493, the pope gave it a claim to
half the New World
Portuguese
76%
VMaritime empire based on the
Adriatic Sea
Venetian
62%
KAngkor was its capitalKhmer
61%
WChinese empire during the
Three Kingdoms period
Wu
60%
TBuddhist empire of the 700s that
controlled most of Western China
Tibetan
54%
XSemi-mythical first dynasty of ChinaXia
45%
HLoose-knit Germanic empire with
an elected leader
Holy Roman
45%
ULargest of the four major caliphatesUmayyad
34%
YChinese dynasty established
by Kublai Khan
Yuan
31%
LThe name for B when it was occupied
by Roman Catholic crusaders
Latin
27%
SLast non-Islamic Persian empireSasanian
19%

Score Distribution

Percentile by Number Answered

Percent of People with Each Score

Your Score History

You have not taken this quiz since the last reset